Die stille Gesellschaft

Αποθηκεύτηκε σε:
Λεπτομέρειες βιβλιογραφικής εγγραφής
Κύριος συγγραφέας: Koenigs, Folkmar
Μορφή: Βιβλίο
Γλώσσα:German
Δημοσίευση: Berlin : Gruyter, 1961
Θέματα:
Ετικέτες: Προσθήκη ετικέτας
Δεν υπάρχουν, Καταχωρήστε ετικέτα πρώτοι!

MARC

LEADER 00000cam a2200000 i 4500
001 1/36807
008 061102s1961 ger d
035 |l 10085915 
040 |a GR-MY-UA  |b gre  |e aacr 
041 0 |a ger 
082 0 |a 346.066  |2 (22) 
100 1 |a Koenigs, Folkmar. 
245 1 4 |a Die stille Gesellschaft /  |c Folkmar Koenigs 
260 |a Berlin :   |b Gruyter,   |c 1961 
300 |a 354 σ.;  |c 23 εκ. 
504 |a Περιλαμβάνει βιβλιογραφικές παραπομπές και ευρετήριο 
650 0 0 |a Silent partners. 
650 0 0 |a Corporation law. 
852 |a INST  |b CHIOS  |e 20061102  |h 346.066 KOE  |p 005200026900  |q 005200026900  |t BK  |y 0 
901 |a BIBL2-2006-3 
909 |a Χ  |b 120299 
970 |a ΒΑΣΙΛΑΚΗ  |b ΝΙΚΗ  |z 2006/11/02